000 01719cam a2200373 i 4500
001 19108979
003 NUST
005 20221216172507.0
008 160526s2016 pk ab b 000 0deng
010 _a 2016349370
020 _a9789698535360
025 _aP-E-2016349370; 34
037 _bLibrary of Congress -- Islamabad Overseas Office
_cRs 800
040 _aDLC
_beng
_cDLC
_erda
042 _alcode
043 _aa-cc---
_aa-pk---
050 0 0 _aHC427.95
_b.J38 2016
082 _a355.4,JAV
100 1 _aJaved, Syed Hasan,
_d1955-
_eauthor.
_981282
245 1 0 _aRise of China and the Asian century /
_cAmbassador (R) Syed Hasan Javed.
264 1 _aIslamabad :
_bNational University of Sciences and Technology,
_c2016.
300 _a200 pages :
_bcolor illustrations, maps ;
_c23 cm
336 _atext
_btxt
_2rdacontent
337 _aunmediated
_bn
_2rdamedia
338 _avolume
_bnc
_2rdacarrier
505 _aDawn of the Asian Century (Page-1), The Rise of the Peoples Republic of China (Page-15), Development Experience of China (Page-39), Sino-Pakistan Friendship (Page-87), China and Pakistan: Two Countries-One Dream (Page-103), One-Belt, One-Road (Yi dai Yi lu) China Pakistan Economic Corridor (CPEC) (Page-117), Preparing the Pakistan Civil Service (Page-127), Re- Collections from China Memories (Page-141).
650 0 _aEconomic development
_zChina.
_95068
651 0 _aChina
_xEconomic conditions
_y2000-
_95069
651 0 _aChina
_xEconomic policy
_y2000-
_95070
651 0 _aPakistan
_xRelations
_zChina.
_95071
651 0 _aChina
_xRelations
_zPakistan.
_95072
710 2 _aNational University of Sciences and Technology (Islāmābād, Pakistan)
_94252
942 _2ddc
_cBK
_k355.4,JAV
999 _c592722
_d592722